Guía de estudio internacional privado : parte general y parte especial /

Guardado en:
Autor Principal: Feldstein de Cárdenas, Sara Lidia.
Formato: Libro
Idioma:Spanish
Publicado: Ciudad Autónoma de Buenos Aires : Estudio, 2013.
Edición:4a. ed.
Series:Guías de estudio
Materias:
Etiquetas: Agregar Etiqueta
Sin Etiquetas, Sea el primero en etiquetar este registro!
LEADER 00592nam a22001695a 4500
001 DER.der014056
008 190912s2013####ag############000#0#spa#d
005 20241023100120.0
245 1 0 |a Guía de estudio internacional privado :  |b parte general y parte especial /  |c Sara L. Feldstein de Cárdenas. 
250 |a 4a. ed. 
260 |a Ciudad Autónoma de Buenos Aires :  |b Estudio,  |c 2013. 
300 |a 384 p. 
490 0 |a Guías de estudio 
020 |a 978950897417.4 
100 1 |a Feldstein de Cárdenas, Sara Lidia. 
650 7 |a DERECHO INTERNACIONAL PRIVADO 
859 |a DERECHO  |b BIB. DERECHO  |h 341  |i FEL  |p 009283